[Event "Kupreichik Memorial Rapid 2019"]
[Site "Minsk"]
[Date "2019.08.15"]
[Round "3.1"]
[White "Safarli, Eltaj"]
[Black "Pein, Malcolm"]
[Result "1-0"]
[WhiteElo "2593"]
[BlackElo "2312"]
[Annotator "TA"]
[PlyCount "27"]
[EventDate "2019.08.15"]
[EventType "swiss"]
[EventCountry "BLR"]
[SourceTitle "playchess.com"]
[Source "ChessBase"]
[SourceQuality "1"]

{[%evp 9,35,29,50,52,77,70,117,100,111,97,205,205,160,78,270,276,543,544,521,336,317,319,1487,1443,29994,29995,29995,29996]} 1. e4 d6 2. d4 g6 3. Nc3 Bg7 4. Bg5 a6 5. Qd2 (5. f4 b5 6. Nf3 Bb7 7. Bd3 Nd7 8. e5 c5 9. Be4 Qb6 10. dxc5 Nxc5 11. Bxb7 Qxb7 12. Qd5 Rc8 13. O-O-O Qxd5 14. Nxd5 {1-0 (56) Tomczak,J (2631)-Lagarde,M (2604) chess.com INT 2019}) 5... Nf6 6. O-O-O {B06: Modern Defence} O-O 7. h4 Nc6 {[#]} 8. h5 $146 {[%mdl 512] White is better.} ({Predecessor:} 8. Be2 b5 9. a3 a5 10. Bxb5 Bd7 11. Nge2 Rb8 12. Bd3 Ng4 13. d5 Nce5 14. Rdf1 c5 15. dxc6 Nxc6 16. f3 Qb6 17. Bb5 {½-½ (17) Kernebeck,D (1392)-Vinkelau,H (1498) Germany 2014}) 8... Nxh5 9. Be2 {Strongly threatening Bh6.} Bxd4 (9... Nxd4 $16 10. Bxh5 gxh5) 10. Bxh5 $18 gxh5 11. Nge2 (11. Bh6 $142 $1 {Threatens to win with Qg5+.} f6 12. Bxf8 Qxf8 13. f3) 11... Bxf2 $2 (11... Bxc3 $16 12. Nxc3 f6) 12. Rdf1 Bc5 $2 {[#]} (12... f6) 13. Bf6 $1 ({Weaker is} 13. Bh6 Kh8 $14) 13... exf6 14. Rxh5 {Played: Qd2-h6} 1-0

[Event "Kupreichik Memorial Rapid 2019"]
[Site "Minsk"]
[Date "2019.08.15"]
[Round "3.2"]
[White "Mochalov, Evgeny V"]
[Black "Zhigalko, Sergei"]
[Result "0-1"]
[WhiteElo "2374"]
[BlackElo "2574"]
[Annotator "TA"]
[PlyCount "53"]
[EventDate "2019.08.15"]
[EventType "swiss"]
[EventCountry "BLR"]
[SourceTitle "playchess.com"]
[Source "ChessBase"]
[SourceQuality "1"]

{[%evp 15,53,-12,25,32,87,76,81,93,82,82,100,81,177,168,226,93,107,97,118,106,93,91,127,120,150,123,123,103,117,94,126,110,124,106,146,187,226,147,125,0]} 1. d4 Nf6 2. c4 e6 3. g3 c5 4. Nf3 cxd4 5. Nxd4 Qc7 6. Nc3 a6 7. Qd3 Nc6 8. Nxc6 Qxc6 (8... dxc6 {keeps more tension.} 9. Bg2 e5 10. O-O Be6 11. b3 Be7) 9. e4 {A32: Symmetrical English: 2 Nf3 Nf6 3 d4 cxd4 4 Nxd4 e6} Ng4 ({Better is} 9... b6 $14) (9... b6 10. Bg2 Bb7 11. b3 b5 12. cxb5 axb5 13. Nxb5 Ba6 14. a4 Bb4+ 15. Kf1 e5 16. Bb2 O-O {½-½ (42) Stefansson,H (2583)-Gharamian,T (2554) Differdange 2008}) 10. Qe2 $16 Nf6 11. Bg2 d6 $146 ({Predecessor:} 11... b6 12. O-O Bb7 13. Nd5 Be7 14. Nxe7 Kxe7 15. f3 Rhc8 16. b3 Kf8 {½-½ (48) Kociscak,J (2181)-Pisk,P (2361) Frydek Mistek 2007}) 12. O-O {e5 is the strong threat.} Qc7 13. Bf4 Nd7 (13... e5 $16 {might work better.}) 14. Rac1 $18 Ne5 {[#]} (14... Qb8 {was necessary.} 15. Rfd1 Be7) 15. b3 (15. c5 $1 $18 {[%cal Rc5d6][%mdl 512] and the rest is easy. Threatens to win with cxd6.} Nc6 (15... Qxc5 16. Nd5) 16. Rfd1) 15... Be7 $16 16. Be3 O-O 17. f4 Nd7 18. g4 Re8 19. g5 Bf8 20. h4 b6 21. h5 Bb7 22. g6 fxg6 23. hxg6 h6 24. f5 Ne5 25. Bh3 Bc8 26. Bd4 Nc6 27. Be3 {[%mdl 32768] Accuracy: White = 52%, Black = 28%. . Loss on time!?} (27. f6 $16 gxf6 28. Bxf6) 0-1

[Event "Kupreichik Memorial Rapid 2019"]
[Site "Minsk"]
[Date "2019.08.15"]
[Round "3.3"]
[White "Tiviakov, Sergei"]
[Black "Meshkov, Yuri A."]
[Result "1/2-1/2"]
[WhiteElo "2611"]
[BlackElo "2336"]
[Annotator "TA"]
[PlyCount "86"]
[EventDate "2019.08.15"]
[EventType "swiss"]
[EventCountry "BLR"]
[SourceTitle "playchess.com"]
[Source "ChessBase"]
[SourceQuality "1"]

{[%evp 12,86,44,43,54,31,36,38,43,43,41,43,47,41,61,35,50,40,37,29,37,31,42,0,47,46,82,88,84,43,42,41,59,58,91,39,82,47,60,24,18,50,46,20,31,0,0,0,12,0,14,15,50,45,60,52,60,48,70,71,70,68,59,22,55,26,20,5,135,145,305,301,564,-248,-254,-245,-236]} 1. e4 g6 2. d4 Bg7 3. c3 d6 4. Nf3 Nf6 5. Bd3 O-O 6. O-O c5 7. Re1 Bg4 {B07: Pirc Defence: Miscellaneous Systems} 8. Nbd2 Nc6 (8... Nfd7 9. h3 Bxf3 10. Nxf3 Nc6 11. Be3 a6 12. Qd2 Rc8 13. Rac1 b5 14. b4 Qc7 15. a3 {½-½ (55) Van Foreest,J (2629)-Kokarev,D (2615) Riadh 2017}) 9. h3 Bxf3 {White is slightly better.} 10. Nxf3 cxd4 11. cxd4 Nd7 12. Be3 e5 {[%cal Re5d4]} 13. d5 Nd4 14. Nd2 $146 ({Predecessor:} 14. Bxd4 exd4 15. Bb5 Nb8 16. Qa4 Qb6 {½-½ (16) Metrangolo,A (2191)-Sciortino,M (2201) Montecatini Terme 2001}) 14... Nc5 15. Bf1 a5 16. Rc1 {[%cal Ba1c1,Bc1c4,Bc4b4][%mdl 32]} a4 17. a3 Re8 18. Rc4 b6 19. Rb4 Qc7 20. Bb5 Nxb5 21. Rxb5 Nd3 22. Rf1 Nc5 23. Qe2 (23. Nc4 $16) 23... f5 24. Bxc5 bxc5 25. Nc4 Reb8 26. Rxb8+ Rxb8 27. Qc2 Qd7 $1 28. Rb1 Bf8 29. Na5 fxe4 30. Nc4 Qb7 31. Qxe4 Qb3 32. Re1 Rd8 33. h4 Be7 34. g3 Bf6 35. Kg2 Kg7 36. Rh1 Qb5 37. h5 Qd7 38. hxg6 hxg6 39. Nb6 Qb5 (39... Qf5 $1 $11 {remains equal.} 40. Re1 (40. Qxa4 e4 $11) 40... Rh8) 40. Nxa4 $16 Ra8 $2 (40... Be7 $16 41. Rb1 Rh8) 41. Nc3 $18 Qxb2 $2 {[#]} (41... Qd7 42. Qe3 Kg8) 42. Rb1 $4 {[%mdl 8192]} (42. Qe3 $1 $18 {is the narrow road to win.}) 42... Qxc3 $19 43. Rb7+ Kh6 {Accuracy: White = 50%, Black = 37%.} 1/2-1/2

[Event "Kupreichik Memorial Rapid 2019"]
[Site "Minsk"]
[Date "2019.08.15"]
[Round "3.4"]
[White "Aleksandrov, Aleksej"]
[Black "Zarubitski, Viachaslau"]
[Result "1-0"]
[WhiteElo "2571"]
[BlackElo "2426"]
[Annotator "TA"]
[PlyCount "67"]
[EventDate "2019.08.15"]
[EventType "swiss"]
[EventCountry "BLR"]
[SourceTitle "playchess.com"]
[Source "ChessBase"]
[SourceQuality "1"]

{[%evp 9,67,4,4,6,2,10,11,0,8,0,4,3,14,0,14,19,21,14,33,31,24,20,39,31,82,102,99,78,141,59,67,48,250,229,350,322,333,336,320,192,257,178,192,169,177,169,168,180,282,266,268,273,29990,29991,29993,29994,29994,29995,29995,29996]} 1. c4 Nf6 2. Nc3 e5 3. Nf3 Nc6 4. e4 Bb4 5. d3 d6 6. a3 {A28: English Opening: Four Knights Variation} Bxc3+ $146 (6... Bc5 7. b4 Bb6 8. Na4 Bg4 9. Be2 Nd7 10. Nxb6 axb6 11. Bb2 O-O 12. h3 Bxf3 13. Bxf3 Nd4 {1-0 (49) Nakamura,H (2746)-Sevian,S (2642) Saint Louis 2019}) 7. bxc3 h6 8. g3 {The position is equal.} Be6 9. Rb1 b6 10. Bg2 Qd7 11. Nh4 O-O 12. O-O Bh3 13. f4 exf4 14. gxf4 Rae8 15. Rb2 Kh7 16. Qe1 Qg4 ({Black should play} 16... Bg4 $14) 17. Rf3 $16 Bxg2 18. Rxg2 Qh5 (18... Qd7 $142) 19. Rfg3 ({Don't take} 19. Qg3 $6 g6 $11) (19. Rh3 $1 $16) 19... Rg8 $1 $14 20. Nf3 b5 $2 (20... Nd7 $14) 21. cxb5 $1 $18 Qxb5 (21... Ne7 $142 22. Qd1 Kh8) 22. Rh3 {Black must now prevent Ng5+.} ({Less strong is} 22. Ng5+ Kh8 $18) 22... Kh8 23. c4 $1 {[%cal Rc4b5]} Qb1 24. Bb2 Qxe1+ 25. Nxe1 {Bxf6 is the strong threat.} Nh7 26. Rxh6 $1 {aiming for Rh5.} Rb8 27. Nf3 {Strongly threatening Ng5!} f6 28. Rh3 $40 {[%mdl 128] Threatens to win with e5. White wants a kill.} Rb3 {[#]} (28... Rgf8 $142 29. Nh4 Rf7) 29. e5 $1 {[%cal Re5f6]} dxe5 30. fxe5 Rgb8 $2 {[#]} (30... Nxe5 $18 31. Bxe5 fxe5) 31. exf6 $1 {White mates.} Rxb2 32. Rxg7 {[%csl Gg7][%cal Rh3h7][%mdl 64] Double Attack} Rb1+ {[#]} 33. Kf2 $1 {[%csl Gg7][%cal Rh3h7][%mdl 512]} R8b2+ {[#]} 34. Kg3 $1 {[%mdl 512] Accuracy: White = 82%, Black = 48%.} 1-0

[Event "Kupreichik Memorial Rapid 2019"]
[Site "Minsk"]
[Date "2019.08.15"]
[Round "3.5"]
[White "Pakhomov, Alexey"]
[Black "Sychev, Klementy"]
[Result "1/2-1/2"]
[WhiteElo "2315"]
[BlackElo "2579"]
[Annotator "ChessBase"]
[PlyCount "146"]
[EventDate "2019.08.15"]
[EventType "swiss"]
[EventCountry "BLR"]
[SourceTitle "playchess.com"]
[Source "ChessBase"]
[SourceQuality "1"]
[TimeControl "900+10"]

1. d4 {[%emt 0:00:00]} Nf6 {[%emt 0:00:00]} 2. c4 {[%emt 0:00:29]} g6 {[%emt 0:00:17]} 3. Nc3 {[%emt 0:00:01]} d5 {[%emt 0:00:02]} 4. Nf3 {[%emt 0:01:27]} Bg7 {[%emt 0:00:04]} 5. Bg5 {[%emt 0:00:11]} Ne4 {[%emt 0:00:02]} 6. cxd5 {[%emt 0:00:01]} Nxg5 {[%emt 0:00:04]} 7. Nxg5 {[%emt 0:00:00]} e6 {[%emt 0:00:02]} 8. Qd2 {[%emt 0:00:01]} exd5 {[%emt 0:00:06]} 9. Qe3+ {[%emt 0:00:01]} Kf8 {[%emt 0:00:01]} 10. Qf4 {[%emt 0:00:01]} Bf6 {[%emt 0:00:06]} 11. h4 {[%emt 0:00:12]} h6 {[%emt 0:00:09]} 12. Nf3 {[%emt 0:00:01]} Kg7 {[%emt 0:00:22]} 13. e3 {[%emt 0:00:06]} c6 {[%emt 0:00:07]} 14. Bd3 {[%emt 0:00:12]} Be6 {[%emt 0:00:04]} 15. g4 {[%emt 0:00:20]} Nd7 {[%emt 0:00:51]} 16. Qg3 {[%emt 0:00:01]} Qb8 {[%emt 0:02:18]} 17. Qg2 {[%emt 0:00:02]} c5 {[%emt 0:00:05]} 18. g5 {[%emt 0:00:59]} hxg5 {[%emt 0:00:31]} 19. hxg5 {[%emt 0:00:03]} Be7 {[%emt 0:00:11]} 20. O-O-O {[%emt 0:00:16]} Qc7 {[%emt 0:00:44]} 21. Kb1 {[%emt 0:00:15]} c4 {[%emt 0:03:03]} 22. Bc2 {[%emt 0:00:13]} b5 {[%emt 0:00:32]} 23. Ne2 {[%emt 0:00:28]} Bd6 {[%emt 0:00:07]} 24. Rh6 {[%emt 0:00:09]} b4 {[%emt 0:03:51]} 25. Nh4 {[%emt 0:01:02]} Rag8 {[%emt 0:02:20]} 26. f4 {[%emt 0:06:07]} Rxh6 {[%emt 0:00:36]} 27. gxh6+ {[%emt 0:00:01]} Kh8 {[%emt 0:00:02]} 28. Rg1 {[%emt 0:00:49]} Qd8 {[%emt 0:00:23]} 29. Nf3 {[%emt 0:00:10]} Qf6 {[%emt 0:00:02]} 30. Ng3 {[%emt 0:00:24]} b3 {[%emt 0:00:31]} 31. axb3 cxb3 {[%emt 0:00:01]} 32. Bd3 {[%emt 0:00:04]} Qd8 {[%emt 0:00:44]} 33. Ne2 {[%emt 0:01:24]} Nf6 {[%emt 0:00:31]} 34. Ng5 {[%emt 0:00:29]} Qe8 {[%emt 0:00:05]} 35. Nc3 {[%emt 0:00:42]} Bb4 {[%emt 0:00:11]} 36. Nxe6 {[%emt 0:00:31]} Qxe6 {[%emt 0:00:07]} 37. Qg5 {[%emt 0:00:21]} Bxc3 {[%emt 0:00:18]} 38. bxc3 {[%emt 0:00:05]} Qc6 {[%emt 0:01:17]} 39. Rc1 {[%emt 0:01:52]} Kh7 {[%emt 0:00:12]} 40. f5 {[%emt 0:00:14]} Qa4 {[%emt 0:00:17]} 41. fxg6+ {[%emt 0:00:15]} Rxg6 {[%emt 0:00:16]} 42. Bxg6+ fxg6 {[%emt 0:00:01]} 43. Qg2 {[%emt 0:00:51]} Ne4 {[%emt 0:00:02]} 44. Qb2 {[%emt 0:00:47]} Qc4 {[%emt 0:00:02]} 45. Qa3 {[%emt 0:00:14]} Qc7 {[%emt 0:00:27]} 46. Ka1 {[%emt 0:00:09]} Nd2 {[%emt 0:00:03]} 47. Qb4 {[%emt 0:00:22]} a5 {[%emt 0:00:07]} 48. Qc5 {[%emt 0:00:04]} Qd7 {[%emt 0:00:11]} 49. Kb2 {[%emt 0:00:11]} a4 {[%emt 0:00:10]} 50. Rg1 {[%emt 0:00:15]} Nc4+ {[%emt 0:00:09]} 51. Ka1 {[%emt 0:00:01]} a3 {[%emt 0:00:15]} 52. e4 {[%emt 0:00:13]} a2 {[%emt 0:00:22]} 53. Qb4 {[%emt 0:00:15]} b2+ {[%emt 0:00:07]} 54. Kxa2 {[%emt 0:00:10]} Qa7+ {[%emt 0:00:08]} 55. Kb3 {[%emt 0:00:03]} Nd2+ {[%emt 0:00:21]} 56. Kxb2 {[%emt 0:00:11]} Nc4+ {[%emt 0:00:09]} 57. Kb3 {[%emt 0:00:01]} Nd2+ {[%emt 0:00:03]} 58. Kc2 {[%emt 0:00:05]} Nxe4 {[%emt 0:00:02]} 59. Rb1 {[%emt 0:00:06]} Qa2+ {[%emt 0:00:13]} 60. Qb2 {[%emt 0:00:15]} Qc4 {[%emt 0:00:14]} 61. Qb7+ {[%emt 0:00:06]} Kxh6 {[%emt 0:00:01]} 62. Rh1+ {[%emt 0:00:01]} Kg5 {[%emt 0:00:02]} 63. Qe7+ {[%emt 0:00:01]} Kf5 {[%emt 0:00:16]} 64. Qf7+ {[%emt 0:00:22]} Nf6 {[%emt 0:00:05]} 65. Qe7 {[%emt 0:00:25]} Qa2+ {[%emt 0:00:07]} 66. Kd3 {[%emt 0:00:05]} Qc4+ {[%emt 0:00:18]} 67. Kc2 {[%emt 0:00:04]} Qa2+ {[%emt 0:00:19]} 68. Kd3 {[%emt 0:00:02]} Qa6+ {[%emt 0:00:07]} 69. Kc2 {[%emt 0:00:06]} Qa2+ {[%emt 0:00:09]} 70. Kd3 {[%emt 0:00:02]} Qc4+ {[%emt 0:00:11]} 71. Kc2 {[%emt 0:00:05]} Qa2+ {[%emt 0:00:12]} 72. Kd3 {[%emt 0:00:02]} Qc4+ {[%emt 0:00:01]} 73. Kc2 {[%emt 0:00:01]} Qa2+ {[%emt 0:00:17]} 1/2-1/2

[Event "Kupreichik Memorial Rapid 2019"]
[Site "Minsk"]
[Date "2019.08.15"]
[Round "3.6"]
[White "Vaganian, Rafael A"]
[Black "Barskij, Vladimir"]
[Result "0-1"]
[WhiteElo "2514"]
[BlackElo "2389"]
[Annotator "TA"]
[PlyCount "46"]
[EventDate "2019.08.15"]
[EventType "swiss"]
[EventCountry "BLR"]
[SourceTitle "playchess.com"]
[Source "ChessBase"]
[SourceQuality "1"]

{[%evp 9,46,10,11,0,19,14,23,-4,-8,-27,-11,-5,-15,-16,7,-105,-43,-30,-1,-30,-21,-122,-106,-101,-101,-183,-190,-325,-324,-572,-581,-1214,-1216,-1213,-1202,-2172,-2090,-29984,-29985]} 1. d4 d5 2. c4 Nc6 3. Nc3 dxc4 4. Nf3 Nf6 5. d5 Na5 6. Qa4+ {D07: Queen's Gambit: Chigorin Defence} (6. Bf4 e6 7. Qa4+ c6 8. dxc6 Nxc6 9. Ne5 Bd7 10. Nxd7 Nxd7 11. O-O-O a6 12. Qxc4 Rc8 13. Kb1 Bb4 {½-½ (41) Kamsky,G (2706)-Stripunsky,A (2549) ICC INT 2014}) 6... c6 {[#] Strongly threatening ...b5.} 7. b4 b5 $1 {[%cal Rb5a4]} 8. Nxb5 {White has an edge.} (8. Qxa5 {keeps more tension.} Qxa5 9. bxa5 b4 10. dxc6 bxc3 11. e3) 8... cxb5 9. Qxb5+ Bd7 10. Qxa5 Qxa5 11. bxa5 Nxd5 12. Rb1 $146 (12. e4 $11 {remains equal.} Nb4 13. Rb1) ({Predecessor:} 12. e4 Nc3 13. Bxc4 e6 {½-½ (24) Falk,T (2107)-Engbrecht,H (1981) Buesum 2017}) 12... Bf5 (12... e6 $17 {...Bb4+ is the strong threat.} 13. e4 Nc3) 13. Rb7 $15 e6 {White must now prevent ...Bb4+.} 14. a3 (14. e4 $5 Bxe4 15. Ng5 $11) 14... O-O-O 15. a6 {[#]} (15. Rxa7 $11 Nc7 16. e3) 15... Nc3 $1 $17 {[%csl Gc3][%cal Rd8d1]} 16. Bd2 Nb1 17. Bf4 (17. Rxa7 $17 {was necessary.} Kb8 18. Rb7+ (18. Rxf7 $2 Nxd2 19. Ne5 Bc5 $19) 18... Ka8 19. g4 (19. Rxf7 $2 Nxd2 20. Nxd2 c3 $19)) 17... Bd6 $40 {[%mdl 128] Black wants a kill.} 18. e3 (18. Ne5 $142 Nxa3 19. f3 Nc2+ 20. Kf2) 18... Bxf4 ({Less strong is} 18... Nxa3 19. Be2 $17) 19. exf4 $2 (19. Bxc4 {is the only way for White.} Nxa3 20. O-O Nxc4 21. exf4) 19... c3 {( -> ...c2)} 20. Be2 c2 21. O-O Nc3 22. Bc4 Rd1 23. Ne5 c1=Q {Accuracy: White = 17%, Black = 69%.} 0-1

[Event "Kupreichik Memorial Rapid 2019"]
[Site "Minsk"]
[Date "2019.08.15"]
[Round "3.7"]
[White "Dydyshko, Viacheslav"]
[Black "Smirnov, Valerij"]
[Result "1/2-1/2"]
[WhiteElo "2506"]
[BlackElo "2261"]
[Annotator "TA"]
[PlyCount "76"]
[EventDate "2019.08.15"]
[EventType "swiss"]
[EventCountry "BLR"]
[SourceTitle "playchess.com"]
[Source "ChessBase"]
[SourceQuality "1"]

{[%evp 15,76,62,70,37,87,23,217,207,225,213,240,257,260,234,338,318,320,300,224,141,144,135,144,142,266,256,247,252,240,233,247,247,232,216,253,247,247,241,343,363,474,338,304,64,44,34,29,36,31,32,43,41,43,0,0,0,0,0,0,0,81,86,112]} 1. d4 Nf6 2. c4 c5 3. d5 g6 4. Nc3 Bg7 5. e4 d6 6. Nf3 O-O 7. h3 a6 8. a4 e5 9. g4 {E90: King's Indian: Classical: Early deviations and 6 h3} Ne8 10. Bd3 (10. a5 $16) 10... f5 $146 (10... a5 $11 {and Black is okay.}) ({Predecessor:} 10... a5 11. g5 Na6 12. h4 Bg4 13. Be2 Nb4 14. Nh2 Bd7 15. h5 f5 16. gxf6 Nxf6 17. hxg6 hxg6 {1-0 (47) Percze,J (2544)-Neagu,L (2560) ICCF email 2013}) 11. gxf5 {White is clearly better.} gxf5 12. exf5 e4 13. Nxe4 ({Don't take} 13. Bxe4 $6 Qe7) 13... Bxf5 14. Neg5 Qf6 (14... Nd7 $142 15. Ne6 Bxe6) 15. Bxf5 $18 Qxf5 16. Ra3 Nc7 {intending ...h6.} 17. Qd3 Nd7 18. Rg1 Rae8+ 19. Kf1 Kh8 (19... Qxd3+ $16 20. Rxd3 Kh8) 20. Qxf5 $40 {[%mdl 128] White has strong attack.} Rxf5 21. Nh4 Rff8 22. Rf3 Ne5 23. Rxf8+ Rxf8 {[#]} 24. b3 $1 b5 25. Ne6 Nxe6 26. dxe6 {Nf5! is the strong threat.} bxc4 {[#]} (26... Nc6 $142 27. axb5 axb5 28. cxb5 Nd4) 27. Nf5 $1 {[%mdl 512]} Bf6 (27... Rxf5 28. e7) 28. e7 {[%cal Re7f8]} Re8 29. Nxd6 $2 ({White should try} 29. bxc4 $18 {Threatens to win with Bb2.} Ng6 30. h4 (30. Nxd6 Rxe7 31. Be3 Be5 $16)) 29... Rxe7 $14 {aiming for ...Nd3.} 30. bxc4 Nf3 31. Rg3 $1 {[%cal Rg3f3]} Re1+ 32. Kg2 {[%cal Rd6f7]} Nh4+ 33. Kh2 {[%cal Rd6f7]} h6 34. Bf4 Re2 35. Kg1 Re1+ 36. Kh2 Re2 37. Kg1 Bd4 (37... Re1+ $1 $11 38. Kh2) 38. Be3 $16 Re1+ {Accuracy: White = 72%, Black = 44%.} 1/2-1/2

[Event "Kupreichik Memorial Rapid 2019"]
[Site "Minsk"]
[Date "2019.08.15"]
[Round "3.8"]
[White "Balashov, Yuri S"]
[Black "Leinov, Roman"]
[Result "1-0"]
[WhiteElo "2474"]
[BlackElo "2189"]
[Annotator "TA"]
[PlyCount "93"]
[EventDate "2019.08.15"]
[EventType "swiss"]
[EventCountry "BLR"]
[SourceTitle "playchess.com"]
[Source "ChessBase"]
[SourceQuality "1"]

{[%evp 17,93,37,27,33,41,33,41,43,40,31,63,62,53,50,44,50,64,45,72,71,77,70,97,90,81,70,106,65,62,77,80,-1,135,80,84,70,67,78,87,48,67,31,103,48,262,272,368,145,133,104,130,156,155,151,235,242,248,244,225,224,382,364,932,777,29987,29988,29988,29989,29989,29990,29988,29989,29993,29994,29994,29995,29995,29996]} 1. Nf3 d5 2. d4 c6 3. e3 e6 4. c4 f5 5. Nc3 Nf6 6. Bd3 Bd6 7. O-O O-O 8. b3 Ne4 9. Bb2 Nd7 10. Ne2 {A85: Dutch Defence: 2 c4 Nf6 3 Nc3} Qe7 11. Rc1 Rf6 12. Ne5 {White is slightly better.} Rh6 13. g3 $146 ({Predecessor:} 13. f3 Nec5 14. Bb1 dxc4 15. bxc4 Nxe5 16. dxe5 Bc7 {½-½ (39) Ragger,M (2655)-Bosiocic,M (2571) Austria 2013}) 13... Qf6 {[%cal Rd6e5]} 14. f3 Ng5 {[%cal Rd6e5]} 15. h4 Nf7 {[%cal Rd7e5]} 16. f4 Bf8 17. Kg2 Nd6 18. Ng1 {[%cal Be2g1,Bg1f3,Bf3g5][%mdl 32]} Ne4 {Threatening ...Nxg3!} 19. Ngf3 $36 {[%mdl 2048] White has some pressure.} Qe7 20. Ng5 Nxe5 21. dxe5 Rg6 22. Qh5 {[%csl Gg5][%cal Rh5h7]} Rh6 23. Qe2 $1 Bd7 24. Bxe4 ({White should try} 24. Qc2 $16) 24... fxe4 (24... dxe4 $11 {keeps the balance.} 25. Rfd1 Be8) 25. h5 (25. Qd2 $142) 25... g6 26. Rh1 gxh5 27. Rxh5 Be8 28. Rhh1 Bg6 29. Bd4 a5 (29... Rxh1 $14 30. Rxh1 b6) 30. cxd5 (30. Rhd1 $16) 30... exd5 $2 ({Better is} 30... Rxh1 $14 31. Kxh1 (31. Rxh1 cxd5 32. Rc1 Qd7 $11) 31... cxd5) 31. Bc5 $18 Rxh1 32. Kxh1 $2 (32. Bxe7 $18 {is the precise move to win.} Rxc1 33. Bxf8 Rxf8 34. g4) 32... Qd7 $16 {Hoping for ...Bxc5.} 33. e6 Qe8 34. Bxf8 $1 Qxf8 {[#]} 35. g4 $1 a4 {[#]} (35... Re8 $16) 36. Nh3 $1 $18 axb3 37. axb3 Qf6 38. f5 Qh4 $2 (38... Be8 {was called for.} 39. Qh2 b5) 39. Kg2 Bh5 $2 (39... Rf8 40. Rg1 h6) 40. gxh5 Kh8 41. Qb2+ {White mates.} Kg8 42. Kh2 d4 43. Rg1+ Kf8 44. Qg2 Ke7 {[#]} 45. Qg7+ $1 {[%mdl 64] Double Attack} Kd6 46. Qxd4+ Kc7 47. Rg7+ {[%mdl 64] Double Attack. Accuracy: White = 58%, Black = 31%.} 1-0

[Event "Kupreichik Memorial Rapid 2019"]
[Site "Minsk"]
[Date "2019.08.15"]
[Round "3.9"]
[White "Pogosian, Manvel"]
[Black "Siniauski, Artsiom"]
[Result "1-0"]
[WhiteElo "2383"]
[BlackElo "2142"]
[Annotator "TA"]
[PlyCount "111"]
[EventDate "2019.08.15"]
[EventType "swiss"]
[EventCountry "BLR"]
[SourceTitle "playchess.com"]
[Source "ChessBase"]
[SourceQuality "1"]

{[%evp 11,111,8,12,8,12,2,10,6,11,8,10,0,0,0,0,0,-7,-26,6,0,131,135,141,145,140,147,186,186,194,187,185,183,335,337,1072,1067,5589,5502,5385,5385,5585,5585,5306,2562,1562,712,697,695,676,645,1016,1016,1011,979,1037,1081,1281,1864,1745,1810,6215,5489,5210,1557,5009,5010,4830,5018,2712,2446,29975,29976,29979,29980,29981,29976,29974,29977,29977,29978,29978,29979,29979,29980,29982,29982,29979,29976,29976,29974,29973,29975,29978,29979,29980,29981,29983,29984,29984,29985,29985,29983]} 1. d4 Nf6 2. Nf3 b6 3. c4 e6 4. g3 Bb7 5. Bg2 Bb4+ 6. Bd2 Be7 7. O-O {E16: Queen's Indian: 4 g3 Bb7 5 Bg2 Bb4+} c6 8. Bc3 (8. Nc3 d5 9. Qb3 O-O 10. Rfd1 Nbd7 11. Rac1 h6 12. Ne1 c5 13. cxd5 cxd4 14. d6 Bxd6 15. Bxb7 {1-0 (73) Nakamura,H (2763)-Eljanov,P (2703) Douglas 2018}) 8... d5 9. Nbd2 {The position is equal.} O-O 10. Qc2 Na6 $146 ({Predecessor:} 10... Nbd7 11. Rfd1 Qc7 12. Rac1 Rac8 13. b3 h6 14. Qb2 Qb8 {1-0 (81) L'Ami,E (2644)-Fedorchuk,S (2611) Germany 2018}) 11. e4 dxc4 12. Nxc4 c5 13. e5 Nd5 14. Rfd1 Nxc3 15. bxc3 {Hoping for Ng5!} cxd4 {[#]} (15... Rb8 $11 {keeps the balance.}) 16. Ng5 $1 $36 {[%mdl 2624] Discovered Attack. White is in control.} Bxg5 17. Bxb7 Nc5 18. Rxd4 Qc7 19. Bxa8 Rxa8 20. Rad1 Be7 21. Nd6 Qc6 $2 (21... Rf8 22. Qe2 Bxd6) 22. Nxf7 $18 {[%mdl 64] [#] Deflection} Kxf7 $2 (22... Qf3 23. Nd6 Rf8) 23. Qxh7 {Rf4+ would kill now.} Bg5 24. Qh5+ {[%mdl 64] Double Attack} Kg8 25. Qxg5 Rf8 26. Rd8 {Threatening mate with Rxf8+.} Qf3 27. Rxf8+ Kxf8 28. Qf4+ Qxf4 29. gxf4 {[%mdl 4096] Endgame KR-KN} Ke7 30. Kg2 b5 31. Kf3 Na4 32. Rd6 Nxc3 33. Ra6 b4 34. Rxa7+ Kf8 35. h4 Kg8 36. Kg4 Ne4 37. f3 Nf2+ 38. Kg3 Nd3 39. Rd7 Nc5 40. Rd4 b3 41. axb3 {White mates.} Nxb3 42. Rc4 Na5 43. Rc5 Nb3 44. Rc8+ Kf7 45. h5 Nd4 46. Rc7+ Kf8 47. Kg4 Nf5 48. Kg5 Kg8 49. Rc8+ Kf7 50. Rh8 Nd4 51. h6 gxh6+ 52. Kxh6 Nxf3 53. Rh7+ Kf8 54. Kg6 Nd4 55. Kf6 {[%cal Rh7h8]} Ke8 56. Re7+ {Accuracy: White = 73%, Black = 32%.} 1-0